<?xml version="1.0" encoding="UTF-8"?>
<record
    xmlns:xsi="http://www.w3.org/2001/XMLSchema-instance"
    xsi:schemaLocation="http://www.loc.gov/MARC21/slim http://www.loc.gov/standards/marcxml/schema/MARC21slim.xsd"
    xmlns="http://www.loc.gov/MARC21/slim">

  <leader>01054nam a2200301 i 4500</leader>
  <controlfield tag="001">181009</controlfield>
  <controlfield tag="003">ES-MaACL</controlfield>
  <controlfield tag="005">20231219062538.0</controlfield>
  <controlfield tag="008">121001s2008    sp           |||| | spa d</controlfield>
  <datafield tag="020" ind1=" " ind2=" ">
    <subfield code="a">978-84-7057-538-9</subfield>
  </datafield>
  <datafield tag="080" ind1=" " ind2=" ">
    <subfield code="a">929 Pablo, Santo</subfield>
  </datafield>
  <datafield tag="080" ind1=" " ind2=" ">
    <subfield code="a">227.1.08</subfield>
  </datafield>
  <datafield tag="100" ind1="1" ind2=" ">
    <subfield code="a">Fitzmyer, Joseph A.</subfield>
    <subfield code="9">51076</subfield>
  </datafield>
  <datafield tag="245" ind1="1" ind2="0">
    <subfield code="a">Teolog&#xED;a de San Pablo </subfield>
    <subfield code="b">: s&#xED;ntesis y perspectivas / </subfield>
    <subfield code="c">Joseph A. Fitzmyer.</subfield>
  </datafield>
  <datafield tag="260" ind1=" " ind2=" ">
    <subfield code="a">Madrid : </subfield>
    <subfield code="b">Cristiandad, </subfield>
    <subfield code="c">[2008]</subfield>
  </datafield>
  <datafield tag="300" ind1=" " ind2=" ">
    <subfield code="a">199 p. ; </subfield>
    <subfield code="c">21 cm.</subfield>
  </datafield>
  <datafield tag="490" ind1="1" ind2=" ">
    <subfield code="a">Teolog&#xED;a sistem&#xE1;tica</subfield>
  </datafield>
  <datafield tag="500" ind1=" " ind2=" ">
    <subfield code="a">&#xCD;ndice.</subfield>
  </datafield>
  <datafield tag="504" ind1=" " ind2=" ">
    <subfield code="a">Bibliograf&#xED;a: p. [43]-44,  [189]-190.</subfield>
  </datafield>
  <datafield tag="505" ind1="8" ind2=" ">
    <subfield code="a">Contiene:  Vida de San Pablo  -  Teolog&#xED;a de San Pablo</subfield>
  </datafield>
  <datafield tag="600" ind1="0" ind2="7">
    <subfield code="a">Pablo </subfield>
    <subfield code="c">Santo.</subfield>
    <subfield code="9">88088</subfield>
  </datafield>
  <datafield tag="630" ind1="0" ind2="7">
    <subfield code="a">Biblia. </subfield>
    <subfield code="p">N.T. </subfield>
    <subfield code="p">Ep&#xED;stolas de Pablo-</subfield>
    <subfield code="x">Teolog&#xED;a.</subfield>
    <subfield code="9">151492</subfield>
  </datafield>
  <datafield tag="830" ind1="0" ind2=" ">
    <subfield code="a">Teolog&#xED;a sistem&#xE1;tica</subfield>
    <subfield code="9">224673</subfield>
  </datafield>
  <datafield tag="852" ind1=" " ind2=" ">
    <subfield code="a">ES-MaACL</subfield>
    <subfield code="j">A-12227</subfield>
    <subfield code="9">187890</subfield>
    <subfield code="b">R.148540</subfield>
    <subfield code="c">DEPO1</subfield>
    <subfield code="d">Olim: N-5232</subfield>
    <subfield code="x">Donacion:Jose Luis Abell&#xE1;n</subfield>
  </datafield>
  <datafield tag="903" ind1=" " ind2=" ">
    <subfield code="a">Abell&#xE1;n, Jos&#xE9; Luis,</subfield>
    <subfield code="d">1933-2023</subfield>
    <subfield code="e">dnr</subfield>
    <subfield code="q">1</subfield>
    <subfield code="9">176509</subfield>
  </datafield>
  <datafield tag="942" ind1=" " ind2=" ">
    <subfield code="2">udc</subfield>
  </datafield>
  <datafield tag="999" ind1=" " ind2=" ">
    <subfield code="c">181009</subfield>
    <subfield code="d">181009</subfield>
  </datafield>
  <datafield tag="952" ind1=" " ind2=" ">
    <subfield code="0">0</subfield>
    <subfield code="1">0</subfield>
    <subfield code="2">udc</subfield>
    <subfield code="4">0</subfield>
    <subfield code="7">0</subfield>
    <subfield code="a">ATENEOM</subfield>
    <subfield code="b">ATENEOM</subfield>
    <subfield code="c">DEPO1</subfield>
    <subfield code="d">2012-10-01</subfield>
    <subfield code="e">DONACION</subfield>
    <subfield code="j">1</subfield>
    <subfield code="l">0</subfield>
    <subfield code="o">A-12227</subfield>
    <subfield code="p">1190216</subfield>
    <subfield code="r">2023-02-23 00:00:00</subfield>
    <subfield code="w">2023-02-23</subfield>
    <subfield code="y">MONOGRAFIA</subfield>
  </datafield>
</record>
